Cinderella / (Record no. 49507)
| 000 -LEADER | |
|---|---|
| fixed length control field | 00445nam a2200145 4500 |
| 020 ## - INTERNATIONAL STANDARD BOOK NUMBER | |
| International Standard Book Number | 978-1844618125 |
| 020 ## - INTERNATIONAL STANDARD BOOK NUMBER | |
| International Standard Book Number | 1844618129 |
| 100 ## - MAIN ENTRY--PERSONAL NAME | |
| Personal name | Hughes, Monica, |
| Relator term | author. |
| 9 (RLIN) | 86548 |
| 245 ## - TITLE STATEMENT | |
| Title | Cinderella / |
| Statement of responsibility, etc | retold by Monica Hughes, illustrated by Gwyneth Williamson. |
| 260 ## - PUBLICATION, DISTRIBUTION, ETC. (IMPRINT) | |
| Place of publication, distribution, etc | Chester : |
| Name of publisher, distributor, etc | Mark & Spencer ; |
| Date of publication, distribution, etc | 2007. |
| 300 ## - PHYSICAL DESCRIPTION | |
| Extent | 29 pages. |
| 490 ## - SERIES STATEMENT | |
| Series statement | First Reader: Read together |
| 650 ## - SUBJECT ADDED ENTRY--TOPICAL TERM | |
| 9 (RLIN) | 29150 |
| Topical term or geographic name as entry element | children fairy tales |
| 942 ## - ADDED ENTRY ELEMENTS (KOHA) | |
| Source of classification or shelving scheme | |
| Koha item type | Book |
| Withdrawn status | Lost status | Source of classification or shelving scheme | Damaged status | Not for loan | Home library | Current library | Date acquired | Total Checkouts | Full call number | Barcode | Date last seen | Date checked out | Price effective from | Koha item type | Public note |
|---|---|---|---|---|---|---|---|---|---|---|---|---|---|---|---|
| Logos International School | Logos International School | 09/04/2025 | 3 | X HUG | 042968 | 03/31/2026 | 03/24/2026 | 09/04/2025 | Book | Basket 29 |